[Event "CYCC U10"]
[Site "Victoria CAN"]
[Date "2005.03.26"]
[Round "5.13"]
[White "Wild, Jonathan"]
[Black "Harris, Phelan"]
[Result "0-1"]
[WhiteElo "848"]
[BlackElo "812"]
[PlyCount "62"]
[GameId "2160767910968999"]
[EventDate "2005.03.24"]
[EventType "swiss"]
[EventRounds "7"]
[EventCountry "CAN"]

1. Nf3 Nc6 2. g3 b6 3. Bg2 Bb7 4. O-O e5 5. d3 Bb4 6. Bg5 Be7 7. Bxe7 Ncxe7 8. Nbd2 Nf6 9. Nxe5 Bxg2 10. Kxg2 O-O 11. e4 Nc6 12. Nxc6 dxc6 13. e5 Qd5+ 14. Nf3 Ng4 15. Kg1 Nxe5 16. Nxe5 Qxe5 17. d4 Qd5 18. Re1 Rae8 19. b3 Re6 20. c4 Qf5 21. d5 Rf6 22. Rf1 c5 23. g4 Qe5 24. f3 Qf4 25. Qe2 Rh6 26. Rf2 Qd4 27. Re1 g6 28. Rd1 Qf4 29. h3 Rxh3 30. Kg2 Qg3+ 31. Kf1 Rh1# 0-1

[Event "CYCC U10"]
[Site "Victoria CAN"]
[Date "2005.03.26"]
[Round "5.14"]
[White "Wong, Justin"]
[Black "Leu, Steven"]
[Result "0-1"]
[WhiteElo "763"]
[BlackElo "794"]
[PlyCount "79"]
[GameId "2160767910969000"]
[EventDate "2005.03.24"]
[EventType "swiss"]
[EventRounds "7"]
[EventCountry "CAN"]

1. e4 c5 2. Bc4 e6 3. Nf3 d5 4. exd5 exd5 5. Ne5 dxc4 6. Qe2 Qe7 7. Nc3 Nf6 8. O-O Nc6 9. f4 g5 10. d3 cxd3 11. cxd3 gxf4 12. Bxf4 Nd7 13. Nd5 Nd4 14. Qe4 Nf6 15. Qe1 Nc2 16. Qc3 Nxd5 17. Qxc2 Nxf4 18. Qa4+ Kd8 19. Qxf4 Ke8 20. Qa4+ Kd8 21. Nxf7+ Kc7 22. Qf4+ Kd7 23. Ne5+ Ke8 24. Rf2 Bg7 25. Re1 Rf8 26. Qa4+ Bd7 27. Qb3 Bxe5 28. Rfe2 Bd4+ 29. Kh1 Rf1+ 30. Rxf1 Qxe2 31. Qf7+ Kd8 32. Qg8+ Kc7 33. Qg3+ Be5 34. Re1 Bxg3 35. Rxe2 Bd6 36. g3 Bc6+ 37. Kg1 Rf8 38. b3 c4 39. dxc4 Bc5+ 40. Re3 0-1

[Event "CYCC U10"]
[Site "Victoria CAN"]
[Date "2005.03.26"]
[Round "5.15"]
[White "Michaelis, Nathaniel"]
[Black "Rathwell, James"]
[Result "1-0"]
[WhiteElo "718"]
[BlackElo "764"]
[PlyCount "37"]
[GameId "2160767910969001"]
[EventDate "2005.03.24"]
[EventType "swiss"]
[EventRounds "7"]
[EventCountry "CAN"]

1. e4 e5 2. Nf3 Nc6 3. Bb5 Nf6 4. Nc3 Bb4 5. d3 d6 6. Bd2 Bxc3 7. Bxc3 d5 8. Nxe5 Bd7 9. Nxd7 Qxd7 10. Qf3 Qe7 11. O-O dxe4 12. dxe4 Nxe4 13. Bxg7 Nd2 14. Bxc6+ bxc6 15. Qxc6+ Qd7 16. Qxa8+ Ke7 17. Rfe1+ Kd6 18. Qxh8 Qb5 19. Qd8+ 1-0

[Event "CYCC U10"]
[Site "Victoria CAN"]
[Date "2005.03.26"]
[Round "5.16"]
[White "Hood, Liam"]
[Black "Duncalfe, Clay"]
[Result "1-0"]
[WhiteElo "782"]
[BlackElo "954"]
[PlyCount "31"]
[GameId "2160767910969002"]
[EventDate "2005.03.24"]
[EventType "swiss"]
[EventRounds "7"]
[EventCountry "CAN"]

1. d4 e5 2. c3 Qf6 3. c4 g6 4. Nf3 Qd8 5. e4 Bh6 6. Nbd2 Nf6 7. b3 O-O 8. Ba3 Re8 9. Rc1 Re6 10. d5 Ra6 11. Nxe5 Rxa3 12. c5 Bg7 13. d6 cxd6 14. cxd6 Qb6 15. Ndc4 Qc5 16. b4 1-0

[Event "CYCC U10"]
[Site "Victoria CAN"]
[Date "2005.03.26"]
[Round "6.1"]
[White "Baser, Arthur"]
[Black "Gusev, Nikita"]
[Result "0-1"]
[WhiteElo "1477"]
[BlackElo "1732"]
[PlyCount "144"]
[GameId "2160767910969003"]
[EventDate "2005.03.24"]
[EventType "swiss"]
[EventRounds "7"]
[EventCountry "CAN"]

1. e4 c5 2. Nf3 d6 3. d4 cxd4 4. Nxd4 Nf6 5. Nc3 a6 6. Bc4 e6 7. Bb3 Nbd7 8. Be3 Nc5 9. f3 b5 10. Qe2 Bb7 11. g4 Nfd7 12. h4 h5 13. g5 g6 14. Qh2 Ne5 15. Qg3 Bg7 16. Rf1 O-O 17. O-O-O Nc4 18. Nc6 Nxb3+ 19. cxb3 Bxc6 20. bxc4 Be5 21. Bf4 Bxf4+ 22. Qxf4 e5 23. Qd2 bxc4 24. Qxd6 Qe8 25. Nd5 Bxd5 26. Rxd5 Qa4 27. Kb1 Rac8 28. Qxe5 c3 29. Rc1 c2+ 30. Ka1 Qc4 31. b3 Qc3+ 32. Qxc3 Rxc3 33. Kb2 Rxf3 34. Rxc2 Rf4 35. Re2 Re8 36. e5 Rxh4 37. Rd6 Re6 38. Rxe6 fxe6 39. Rd2 Re4 40. Rd6 Rxe5 41. Rxa6 Kf7 42. a4 Rxg5 43. a5 Ke7 44. Ra7+ Kd6 45. b4 h4 46. Rh7 Rh5 47. Rf7 h3 48. Rf1 h2 49. Rh1 Kc6 50. Kc3 g5 51. Kd4 Rh4+ 52. Ke5 g4 53. Kf4 e5+ 54. Kg3 Rh3+ 55. Kxg4 Rb3 56. Rxh2 Rxb4+ 57. Kf3 Ra4 58. Rh5 Rxa5 59. Ke4 Ra4+ 60. Ke3 Kd5 61. Kf3 Ra3+ 62. Ke2 Ke4 63. Rh4+ Kf5 64. Rh5+ Kf4 65. Rh4+ Kg5 66. Re4 Kf5 67. Rb4 e4 68. Kf2 Kf4 69. Rb2 Rg3 70. Rb4 Rh3 71. Kg2 Rd3 72. Rb2 Ke3 0-1

[Event "CYCC U10"]
[Site "Victoria CAN"]
[Date "2005.03.26"]
[Round "6.1"]
[White "Dragan, Cristian"]
[Black "Sohal, Tanraj"]
[Result "0-1"]
[WhiteElo "1044"]
[BlackElo "1279"]
[PlyCount "90"]
[GameId "2160767910969004"]
[EventDate "2005.03.24"]
[EventType "swiss"]
[EventRounds "7"]
[EventCountry "CAN"]

1. e4 c5 2. Nf3 Nc6 3. Nc3 d6 4. Be2 Nf6 5. O-O g6 6. d3 Bg7 7. Bd2 O-O 8. Qc1 Be6 9. Nd5 Nxd5 10. exd5 Bxd5 11. Bh6 Be6 12. a4 Re8 13. Re1 Qb6 14. c3 Na5 15. Ra3 Nb3 16. Qe3 Rac8 17. a5 Nxa5 18. Ra4 c4 19. d4 Nc6 20. Bxc4 Bxc4 21. Qf4 Bd5 22. c4 Bxf3 23. Bxg7 Kxg7 24. Qxf3 Nxd4 25. Qc3 d5 26. Rd1 e5 27. Rb4 Ne2+ 28. Kf1 Nxc3 29. Rxb6 axb6 30. bxc3 Rxc4 31. Rxd5 Rxc3 32. Rb5 e4 33. Rxb6 e3 34. fxe3 Rcxe3 35. Rxb7 Re1+ 36. Kf2 R8e2+ 37. Kf3 Re3+ 38. Kf2 Kf6 39. Rb5 Re5 40. Rb4 Kf5 41. Kf3 g5 42. g3 g4+ 43. Rxg4 R5e3+ 44. Kf2 Kxg4 45. h4 R3e2# 0-1

[Event "CYCC U10"]
[Site "Victoria CAN"]
[Date "2005.03.26"]
[Round "6.2"]
[White "Cheng, Jack"]
[Black "Inigo, Aquino"]
[Result "0-1"]
[WhiteElo "1545"]
[BlackElo "1709"]
[PlyCount "110"]
[GameId "2160767910969005"]
[EventDate "2005.03.24"]
[EventType "swiss"]
[EventRounds "7"]
[EventCountry "CAN"]

1. e4 e6 2. d4 d5 3. exd5 exd5 4. Bd3 Nc6 5. c3 Bd6 6. Nf3 Bg4 7. O-O Qd7 8. Re1+ Nge7 9. Bg5 f6 10. Bh4 O-O-O 11. Nbd2 Bf5 12. Bxf5 Nxf5 13. Bg3 Nxg3 14. hxg3 Rhe8 15. Qa4 Rxe1+ 16. Rxe1 Re8 17. Rb1 Kb8 18. b4 Re2 19. Kf1 Re7 20. Nb3 Qf5 21. Rc1 a6 22. Kg1 Na7 23. Na5 Qd3 24. Qc2 Qe2 25. a4 g6 26. Nb3 Qc4 27. Na5 Qe2 28. Nb3 g5 29. Qxe2 Rxe2 30. Nfd2 Nc8 31. Kf1 Re7 32. Ra1 b6 33. Rc1 h5 34. Nf3 Kb7 35. Re1 Rh7 36. Re6 Be7 37. Ne1 c6 38. Nc2 Kc7 39. Re1 Nd6 40. Na3 Ne4 41. Re3 f5 42. Ke2 h4 43. gxh4 gxh4 44. f3 f4 45. Rd3 Ng3+ 46. Kf2 h3 47. gxh3 Rxh3 48. Kg2 Rh1 49. Rd2 Re1 50. Nc2 Rb1 51. Nca1 Nf1 52. Re2 Ne3+ 53. Kh2 Bh4 54. Ra2 Bg3+ 55. Kh3 Rh1+ 0-1

[Event "CYCC U10"]
[Site "Victoria CAN"]
[Date "2005.03.26"]
[Round "6.3"]
[White "Milner, Arie"]
[Black "Leu, Richard"]
[Result "1-0"]
[WhiteElo "1405"]
[BlackElo "1199"]
[PlyCount "57"]
[GameId "2160767910969006"]
[EventDate "2005.03.24"]
[EventType "swiss"]
[EventRounds "7"]
[EventCountry "CAN"]

1. e4 c5 2. Nf3 Nc6 3. d4 cxd4 4. Nxd4 e5 5. Nb5 a6 6. Nd6+ Bxd6 7. Qxd6 Qf6 8. Qxf6 Nxf6 9. f3 d5 10. exd5 Nxd5 11. Bc4 Nb6 12. Bb3 Bf5 13. Be3 Nd4 14. Bxd4 exd4 15. Kf2 O-O 16. Re1 Rfe8 17. Nd2 d3 18. cxd3 Bxd3 19. Rac1 Kf8 20. Rc7 Rxe1 21. Rxf7+ Kg8 22. Kxe1 Kh8 23. Rxb7 Nc8 24. Rd7 Nb6 25. Rxd3 Re8+ 26. Kf2 h6 27. Ne4 Kh7 28. Bc2 Re6 29. Nc3 1-0

[Event "CYCC U10"]
[Site "Victoria CAN"]
[Date "2005.03.26"]
[Round "6.4"]
[White "Belanger, Marc Andre"]
[Black "Cannon, Farley"]
[Result "1-0"]
[WhiteElo "1327"]
[BlackElo "1351"]
[PlyCount "97"]
[GameId "2160767910969007"]
[EventDate "2005.03.24"]
[EventType "swiss"]
[EventRounds "7"]
[EventCountry "CAN"]

1. e4 e5 2. Nf3 Nc6 3. Bc4 Nf6 4. Ng5 d5 5. exd5 Na5 6. Bb5+ c6 7. dxc6 bxc6 8. Ba4 h6 9. Nf3 e4 10. Ne5 Qc7 11. d4 Bd6 12. Bf4 O-O 13. O-O Ng4 14. Nxg4 Bxf4 15. h3 Be6 16. Nc3 f5 17. Ne3 Kh8 18. Ne2 Bg5 19. Nc3 Rad8 20. a3 Rf6 21. Re1 Rg6 22. b4 Nc4 23. Nxc4 Bxc4 24. Bb3 Ba6 25. a4 Bc8 26. b5 Bf6 27. Ne2 f4 28. Kh1 f3 29. gxf3 exf3 30. Ng1 Rg2 31. Nxf3 Bxh3 32. Ne5 Bxe5 33. Rxe5 Rxf2 34. Qd3 Qc8 35. Rg1 Bg4 36. Re3 c5 37. d5 Rdf8 38. Rgg3 Qb8 39. d6 Qb7+ 40. Bd5 Qd7 41. Bc6 Qc8 42. d7 Qc7 43. Re8 Qf4 44. Rxf8+ Qxf8 45. d8=Q Rf1+ 46. Qxf1 Qxd8 47. Rxg4 Qc8 48. Be4 Qe8 49. Qf5 1-0

[Event "CYCC U10"]
[Site "Victoria CAN"]
[Date "2005.03.26"]
[Round "6.6"]
[White "Kaminski, Thomas"]
[Black "Gann, Connor"]
[Result "1-0"]
[WhiteElo "1786"]
[BlackElo "922"]
[PlyCount "71"]
[GameId "2160767910969009"]
[EventDate "2005.03.24"]
[EventType "swiss"]
[EventRounds "7"]
[EventCountry "CAN"]

1. c4 e5 2. g3 Nf6 3. Bg2 Bc5 4. Nc3 c6 5. e4 O-O 6. Nge2 Na6 7. O-O d6 8. d3 Be6 9. a3 Qd7 10. Bg5 Ng4 11. h3 f6 12. hxg4 fxg5 13. b4 Bb6 14. Qd2 h6 15. Na4 Bxg4 16. Nxb6 axb6 17. f3 Bh3 18. g4 Bxg2 19. Kxg2 Rf7 20. d4 exd4 21. Nxd4 Raf8 22. Nf5 g6 23. Nxh6+ Kg7 24. Nxf7 Qxf7 25. Qxg5 Qxc4 26. Qe7+ Kg8 27. Qxd6 Qf7 28. b5 Nb8 29. bxc6 bxc6 30. Rab1 b5 31. e5 Qa2+ 32. Kg3 Kg7 33. e6 Rf6 34. Qe7+ Kh6 35. Rh1+ Kg5 36. f4# 1-0

[Event "CYCC U10"]
[Site "Victoria CAN"]
[Date "2005.03.26"]
[Round "6.8"]
[White "Zhao, Donovan"]
[Black "Qin, Zi Yi (Joey)"]
[Result "0-1"]
[WhiteElo "862"]
[BlackElo "1533"]
[PlyCount "78"]
[GameId "2160767910969010"]
[EventDate "2005.03.24"]
[EventType "swiss"]
[EventRounds "7"]
[EventCountry "CAN"]

1. e4 c5 2. Nf3 d6 3. d4 cxd4 4. Nxd4 Nf6 5. Nc3 Nc6 6. f3 e6 7. Bb5 Bd7 8. Be3 Qc7 9. Qd2 Be7 10. O-O-O a6 11. Be2 b5 12. g4 b4 13. Nb1 Nxd4 14. Bxd4 e5 15. Be3 a5 16. b3 a4 17. Kb2 axb3 18. cxb3 Qa5 19. Ka1 Be6 20. Bc4 Bxc4 21. bxc4 Qa4 22. h4 b3 23. a3 Qxc4 24. Rc1 Qb5 25. Rc3 b2+ 26. Qxb2 Qxb2+ 27. Kxb2 O-O 28. Nd2 d5 29. exd5 Nxd5 30. Rd3 Nxe3 31. Rxe3 Rfb8+ 32. Ka2 Ra7 33. Rc1 Rba8 34. Rcc3 Bxh4 35. Rc4 Bg5 36. Rec3 g6 37. Ne4 Be7 38. Nc5 Rc7 39. Kb2 Rac8 0-1

[Event "CYCC U10"]
[Site "Victoria CAN"]
[Date "2005.03.26"]
[Round "6.9"]
[White "Knox, Christopher"]
[Black "Cunningham, Ross"]
[Result "1-0"]
[WhiteElo "1505"]
[BlackElo "1337"]
[PlyCount "74"]
[GameId "2160767910969011"]
[EventDate "2005.03.24"]
[EventType "swiss"]
[EventRounds "7"]
[EventCountry "CAN"]

1. d4 d5 2. c4 c6 3. Nc3 Nf6 4. Bg5 Bf5 5. Nf3 e6 6. e3 Bb4 7. Qb3 Bxc3+ 8. Qxc3 Nbd7 9. c5 h6 10. Bh4 O-O 11. Bd3 Bxd3 12. Qxd3 b5 13. O-O a5 14. a3 Qc7 15. Bg3 Qb7 16. b4 a4 17. Nd2 Rfe8 18. Qc3 Rad8 19. f3 Nh5 20. Bd6 g6 21. e4 Ng7 22. Rae1 Nf6 23. Qe3 Kh7 24. Rf2 h5 25. Qg5 Ng8 26. g4 f6 27. Qh4 g5 28. Qh3 h4 29. f4 Nh6 30. Ref1 Qd7 31. e5 Ng8 32. exf6 Nxf6 33. fxg5 Ne4 34. Qxh4+ Kg8 35. g6 Nf5 36. gxf5 Nxf2 37. f6 Rf8 1-0

[Event "CYCC U10"]
[Site "Victoria CAN"]
[Date "2005.03.26"]
[Round "6.10"]
[White "Bibic, Brennan"]
[Black "Constantinescu, Vlad"]
[Result "1-0"]
[WhiteElo "1300"]
[BlackElo "1094"]
[PlyCount "113"]
[GameId "2160767910969012"]
[EventDate "2005.03.24"]
[EventType "swiss"]
[EventRounds "7"]
[EventCountry "CAN"]

1. e4 e5 2. Nf3 Nc6 3. d4 exd4 4. Nxd4 Nxd4 5. Qxd4 d6 6. e5 c5 7. Qf4 f6 8. exf6 Nxf6 9. Bc4 d5 10. Bb5+ Bd7 11. Qe5+ Be7 12. Nc3 Bxb5 13. Nxb5 Qa5+ 14. Nc3 d4 15. Bd2 dxc3 16. Bxc3 Qc7 17. Qxc7 O-O 18. O-O Rf7 19. Bxf6 Bxf6 20. Qxc5 b6 21. Qd5 Rd8 22. Qe6 Bxb2 23. Rad1 Rdf8 24. Rd7 Bf6 25. Rxf7 Rxf7 26. c4 g6 27. Rd1 Kf8 28. Rd7 Be7 29. Rxa7 g5 30. Qh6+ Ke8 31. Ra8+ Kd7 32. Qxb6 Rf6 33. Ra7+ Ke8 34. Qb7 Re6 35. h3 Kf7 36. Qxe7+ Rxe7 37. Rxe7+ Kxe7 38. a4 Kd7 39. a5 Kc6 40. a6 Kb6 41. h4 gxh4 42. f4 Kxa6 43. f5 Kb6 44. f6 Kc5 45. f7 Kxc4 46. f8=Q h3 47. gxh3 h5 48. Qd6 h4 49. Kf2 Kc3 50. Qd5 Kb4 51. Ke3 Kc3 52. Qd4+ Kc2 53. Qd3+ Kc1 54. Qd2+ Kb1 55. Kd3 Ka1 56. Kc3 Kb1 57. Qb2# 1-0

[Event "CYCC U10"]
[Site "Victoria CAN"]
[Date "2005.03.26"]
[Round "6.11"]
[White "Leu, Steven"]
[Black "Li, Stanley"]
[Result "0-1"]
[WhiteElo "794"]
[BlackElo "1197"]
[PlyCount "119"]
[GameId "2160767910969013"]
[EventDate "2005.03.24"]
[EventType "swiss"]
[EventRounds "7"]
[EventCountry "CAN"]

1. e4 c5 2. Nf3 Nc6 3. d4 cxd4 4. Nxd4 g6 5. Nc3 Bg7 6. Be3 Nf6 7. Bc4 Qa5 8. Qd2 O-O 9. O-O d6 10. Nb3 Qc7 11. Be2 Bg4 12. Bxg4 Nxg4 13. g3 Nce5 14. Qe2 Qc4 15. Qxc4 Nxc4 16. Nd1 Ngxe3 17. fxe3 Nxb2 18. Nxb2 Bxb2 19. Rad1 Be5 20. Nd4 b6 21. c3 Rfc8 22. Rc1 Bg7 23. Nb5 a6 24. Nd4 Rc5 25. Nb3 Rxc3 26. Rxc3 Bxc3 27. Rc1 Bg7 28. Nd2 b5 29. a3 a5 30. Rb1 b4 31. axb4 axb4 32. Rb3 Ra3 33. Rxb4 Rxe3 34. Rb8+ Bf8 35. Kf2 Rc3 36. Nf3 f6 37. Ke2 Kf7 38. Kf2 Bh6 39. g4 Bf4 40. h3 d5 41. exd5 Bxb8 42. Kg2 e5 43. Kf2 e4 44. Nd4 Ba7 45. d6 Bxd4+ 46. Ke2 e3 47. d7 Ke7 48. d8=Q+ Kxd8 49. Kf3 Rc2 50. Ke4 e2 51. Kd3 e1=Q 52. Kxc2 Qc3+ 53. Kd1 Be3 54. Ke2 Qd2+ 55. Kf3 Qf2+ 56. Ke4 Qf4+ 57. Kd3 Kd7 58. Kc3 Kc6 59. Kd3 Kd5 60. Kc3 0-1

[Event "CYCC U10"]
[Site "Victoria CAN"]
[Date "2005.03.26"]
[Round "6.12"]
[White "Gladstone, Simon"]
[Black "Michaelis, Nathaniel"]
[Result "1-0"]
[WhiteElo "1136"]
[BlackElo "718"]
[PlyCount "57"]
[GameId "2160767910969014"]
[EventDate "2005.03.24"]
[EventType "swiss"]
[EventRounds "7"]
[EventCountry "CAN"]

1. e4 e5 2. Nf3 Nc6 3. Nc3 Bb4 4. d4 d6 5. dxe5 f6 6. exd6 Bxd6 7. Bc4 Bg4 8. O-O Qd7 9. Nb5 O-O-O 10. Nxd6+ cxd6 11. Bf4 Qe7 12. Re1 Nb4 13. c3 Nc6 14. Qd3 Re8 15. Qxd6 Qxd6 16. Bxd6 Rd8 17. Rad1 Nh6 18. h3 Bxf3 19. Be6+ Rd7 20. Bxd7+ Kxd7 21. gxf3 Ke8 22. e5 f5 23. e6 Ng8 24. b4 b5 25. Rc1 a6 26. c4 g5 27. cxb5 axb5 28. Rxc6 g4 29. Rc8# 1-0

[Event "CYCC U10"]
[Site "Victoria CAN"]
[Date "2005.03.26"]
[Round "6.13"]
[White "Harris, Phelan"]
[Black "Hood, Liam"]
[Result "1-0"]
[WhiteElo "812"]
[BlackElo "782"]
[PlyCount "25"]
[GameId "2160767910969015"]
[EventDate "2005.03.24"]
[EventType "swiss"]
[EventRounds "7"]
[EventCountry "CAN"]

1. e4 e5 2. Bc4 d6 3. Nf3 Bg4 4. O-O Bxf3 5. Qxf3 Nf6 6. d3 c6 7. Bg5 Be7 8. Nc3 Nbd7 9. Rae1 d5 10. exd5 a6 11. dxc6 bxc6 12. Ne4 Nxe4 13. Qxf7# 1-0

[Event "CYCC U10"]
[Site "Victoria CAN"]
[Date "2005.03.26"]
[Round "6.14"]
[White "Wild, Jonathan"]
[Black "McDonald, Garrett"]
[Result "1-0"]
[WhiteElo "848"]
[BlackElo "840"]
[PlyCount "73"]
[GameId "2160767910969016"]
[EventDate "2005.03.24"]
[EventType "swiss"]
[EventRounds "7"]
[EventCountry "CAN"]

1. d4 d5 2. c4 c6 3. Nc3 Nf6 4. Nf3 e6 5. Bg5 Bb4 6. Qd2 dxc4 7. Bxf6 Qxf6 8. g3 O-O 9. Bg2 Rd8 10. O-O c5 11. a3 Bxc3 12. bxc3 Nc6 13. Rac1 cxd4 14. cxd4 Nxd4 15. Nxd4 Rxd4 16. Qe3 h6 17. Rcd1 e5 18. Be4 Bf5 19. Bxb7 Rad8 20. Rb1 Bxb1 21. Rxb1 Rb8 22. f4 Rxf4 23. gxf4 exf4 24. Qxa7 Re8 25. Re1 f3 26. Bxf3 Rc8 27. Bb7 Re8 28. Qa4 c3 29. Qxe8+ Kh7 30. Be4+ g6 31. Rf1 Qb6+ 32. Kh1 h5 33. Qxf7+ Kh8 34. Bxg6 Qc6+ 35. e4 Qxg6 36. Qxg6 c2 37. Rf8# 1-0

[Event "CYCC U10"]
[Site "Victoria CAN"]
[Date "2005.03.26"]
[Round "6.15"]
[White "Brown, David"]
[Black "Wong, Justin"]
[Result "0-1"]
[WhiteElo "777"]
[BlackElo "763"]
[PlyCount "106"]
[GameId "2160767910969017"]
[EventDate "2005.03.24"]
[EventType "swiss"]
[EventRounds "7"]
[EventCountry "CAN"]

1. d4 e6 2. c4 d5 3. Nc3 c6 4. Nf3 Nf6 5. Bg5 Bb4 6. Qd2 h6 7. Bxf6 Qxf6 8. g3 dxc4 9. e4 Bxc3 10. Qxc3 Qg6 11. e5 Qe4+ 12. Qe3 Qc2 13. Qe2 Qa4 14. Qxc4 Qxc4 15. Bxc4 b5 16. Be2 Bb7 17. O-O O-O 18. b3 Nd7 19. a4 a6 20. axb5 axb5 21. Rxa8 Bxa8 22. b4 Nb6 23. Nd2 Rd8 24. Nb3 Nd5 25. Bf3 g6 26. Bxd5 Rxd5 27. Nc5 Rxd4 28. Ra1 Rd8 29. f4 Kg7 30. g4 Rb8 31. g5 Bb7 32. gxh6+ Kxh6 33. Ra3 Ra8 34. Rh3+ Kg7 35. Nxb7 Ra1+ 36. Kg2 Ra2+ 37. Kg3 Ra3+ 38. Kg4 f5+ 39. exf6+ Kxf6 40. Rh6 Ra1 41. Rh8 Rg1+ 42. Kh3 Kg7 43. Rc8 Rf1 44. Rc7+ Kf6 45. Rxc6 Rf3+ 46. Kg4 Rf1 47. Rb6 Rg1+ 48. Kh3 Kf5 49. Rxb5+ Kxf4 50. Rb6 g5 51. Rxe6 Kf3 52. b5 Rg4 53. b6 Rh4# 0-1

[Event "CYCC U10"]
[Site "Victoria CAN"]
[Date "2005.03.26"]
[Round "6.16"]
[White "Duncalfe, Clay"]
[Black "Rathwell, James"]
[Result "0-1"]
[WhiteElo "954"]
[BlackElo "764"]
[PlyCount "44"]
[GameId "2160767910969018"]
[EventDate "2005.03.24"]
[EventType "swiss"]
[EventRounds "7"]
[EventCountry "CAN"]

1. e4 e5 2. Qf3 Nc6 3. Bc4 Qe7 4. h4 Nf6 5. Qb3 Nd4 6. Bd3 Nxb3 7. cxb3 Qb4 8. Nf3 Nxe4 9. O-O Bc5 10. Re1 Bxf2+ 11. Kf1 Bxe1 12. Kxe1 O-O 13. Nxe5 Qd4 14. Nf3 Qxd3 15. Kd1 Qf1+ 16. Kc2 Qe2 17. Ng1 Qxg2 18. Ne2 Qxe2 19. b4 Nf2 20. Kb3 Qd1+ 21. Kc3 Qxc1+ 22. Kb3 Nd3 0-1

[Event "CYCC U10"]
[Site "Victoria CAN"]
[Date "2005.03.27"]
[Round "7.1"]
[White "Gusev, Nikita"]
[Black "Inigo, Aquino"]
[Result "0-1"]
[WhiteElo "1732"]
[BlackElo "1709"]
[PlyCount "120"]
[GameId "2160767910969019"]
[EventDate "2005.03.24"]
[EventType "swiss"]
[EventRounds "7"]
[EventCountry "CAN"]

1. d4 d5 2. Nf3 c5 3. e3 Nc6 4. b3 Nf6 5. Nbd2 cxd4 6. exd4 e6 7. Bb2 Be7 8. Be2 O-O 9. O-O b6 10. Ne5 Nxe5 11. dxe5 Nd7 12. Nf3 f6 13. Bb5 Bb7 14. Nd4 Nc5 15. b4 fxe5 16. bxc5 exd4 17. c6 Bc8 18. Bxd4 Bf6 19. c3 a6 20. Bd3 e5 21. Be3 Qc7 22. Qb3 Qxc6 23. Rac1 b5 24. Qb4 Bd7 25. Qb1 e4 26. Bc2 Qd6 27. Rfd1 Qe6 28. Bb3 Bc6 29. Qc2 Rac8 30. Qd2 Rcd8 31. Bd4 Qf5 32. Bxf6 gxf6 33. Qe3 Kh8 34. Qh3 Qxh3 35. gxh3 f5 36. Rd4 Rf7 37. Kf1 Kg7 38. Ke2 Kf6 39. f4 Ke6 40. Rg1 Bb7 41. Kd2 Rc8 42. Rg3 Rd8 43. a3 Kf6 44. Rg5 Rg7 45. Rxg7 Kxg7 46. a4 Kf6 47. axb5 axb5 48. Rb4 Bc6 49. Ke3 Ke6 50. Rd4 Ra8 51. Bc2 Ra3 52. Kd2 e3+ 53. Kxe3 Rxc3+ 54. Bd3 Ra3 55. Rb4 Ra4 56. Rxa4 bxa4 57. Bb1 Bb5 58. Bd3 Bxd3 59. Kxd3 a3 60. Kc2 d4 0-1

[Event "CYCC U10"]
[Site "Victoria CAN"]
[Date "2005.03.27"]
[Round "7.2"]
[White "Milner, Arie"]
[Black "Belanger, Marc Andre"]
[Result "1-0"]
[WhiteElo "1405"]
[BlackElo "1327"]
[PlyCount "87"]
[GameId "2160767910969020"]
[EventDate "2005.03.24"]
[EventType "swiss"]
[EventRounds "7"]
[EventCountry "CAN"]

1. e4 c5 2. Nf3 d6 3. d4 cxd4 4. Nxd4 g6 5. Nc3 Bg7 6. Be3 Nc6 7. f3 Qb6 8. Nd5 Qd8 9. Bb5 e6 10. Nc3 Nge7 11. Qd2 O-O 12. O-O a6 13. Bxc6 Nxc6 14. Nxc6 bxc6 15. Rfd1 d5 16. Bh6 Qb6+ 17. Kh1 Qxb2 18. Bxg7 Kxg7 19. Qd4+ Kg8 20. Nxd5 Qxd4 21. Ne7+ Kg7 22. Rxd4 Bb7 23. Rb1 Rab8 24. Rdb4 Rfd8 25. Nxc6 Bxc6 26. Rxb8 Rxb8 27. Rxb8 Bb5 28. Rd8 Kf6 29. Kg1 Ke5 30. Kf2 f5 31. Ke3 f4+ 32. Kf2 h5 33. g3 fxg3+ 34. hxg3 g5 35. Rh8 g4 36. Rxh5+ Kd4 37. fxg4 Kxe4 38. Rh8 Ke5 39. Rf8 Bc4 40. g5 Bxa2 41. g6 Kd4 42. g7 e5 43. g8=Q Bxg8 44. Rxg8 1-0

[Event "CYCC U10"]
[Site "Victoria CAN"]
[Date "2005.03.27"]
[Round "7.4"]
[White "Kaminski, Thomas"]
[Black "Dragan, Cristian"]
[Result "1-0"]
[WhiteElo "1786"]
[BlackElo "1044"]
[PlyCount "49"]
[GameId "2160767910969022"]
[EventDate "2005.03.24"]
[EventType "swiss"]
[EventRounds "7"]
[EventCountry "CAN"]

1. d4 d5 2. g3 Nf6 3. c4 c6 4. Nc3 e6 5. Bg2 Bb4 6. Qb3 Bxc3+ 7. bxc3 Qb6 8. Ba3 Qxb3 9. axb3 Nbd7 10. e3 e5 11. Ne2 e4 12. O-O b6 13. cxd5 cxd5 14. Rfc1 Ba6 15. Nf4 Rc8 16. Bb4 Nb8 17. Bd6 Nfd7 18. Nxd5 Kd8 19. Bh3 Bb7 20. Ne7 Rc7 21. Rxa7 Nc6 22. Bxc7+ Kxc7 23. Nd5+ Kb8 24. Rxb7+ Kxb7 25. Bxd7 1-0

[Event "CYCC U10"]
[Site "Victoria CAN"]
[Date "2005.03.27"]
[Round "7.5"]
[White "Qin, Zi Yi (Joey)"]
[Black "Cheng, Jack"]
[Result "1/2-1/2"]
[WhiteElo "1533"]
[BlackElo "1545"]
[PlyCount "109"]
[GameId "2160767910969023"]
[EventDate "2005.03.24"]
[EventType "swiss"]
[EventRounds "7"]
[EventCountry "CAN"]

1. e4 e5 2. Nf3 Nc6 3. Bb5 a6 4. Ba4 Nf6 5. O-O b5 6. Bb3 Be7 7. Re1 d6 8. h3 Na5 9. c3 Nxb3 10. Qxb3 Bb7 11. Qc2 O-O 12. d4 exd4 13. Nxd4 Nd7 14. Bf4 Bf6 15. Nd2 Re8 16. Bg3 Nc5 17. Re2 Ne6 18. Nf5 g6 19. Nh6+ Kg7 20. Ng4 Bg5 21. e5 d5 22. Nf3 h5 23. Nxg5 Qxg5 24. Nf6 Rh8 25. Qd2 Qxd2 26. Rxd2 Rad8 27. Rad1 c6 28. Kf1 Bc8 29. Ke2 Nc5 30. b3 Bf5 31. c4 bxc4 32. bxc4 Na4 33. Rc1 d4 34. Bh4 c5 35. Nd5 Rde8 36. Bf6+ Kh7 37. Bxh8 Kxh8 38. f4 h4 39. Nc7 Re7 40. Nd5 Re8 41. Nf6 Re6 42. Kf3 Kg7 43. g4 hxg3 44. Kxg3 Nc3 45. h4 Ne4+ 46. Nxe4 Bxe4 47. Rh2 Rb6 48. h5 gxh5 49. Rxh5 Rb2 50. Rg1 Rxa2 51. Kh3+ Kf8 52. Rh8+ Ke7 53. Rgg8 Ke6 54. Rh6+ Ke7 55. Rhh8 1/2-1/2

[Event "CYCC U10"]
[Site "Victoria CAN"]
[Date "2005.03.27"]
[Round "7.6"]
[White "Cannon, Farley"]
[Black "Knox, Christopher"]
[Result "1/2-1/2"]
[WhiteElo "1351"]
[BlackElo "1505"]
[PlyCount "93"]
[GameId "2160767910969024"]
[EventDate "2005.03.24"]
[EventType "swiss"]
[EventRounds "7"]
[EventCountry "CAN"]

1. e4 c5 2. d4 cxd4 3. c3 dxc3 4. Nxc3 Nf6 5. Nf3 Nc6 6. Bc4 d6 7. O-O Bg4 8. Bf4 g6 9. h3 Bxf3 10. Qxf3 Bg7 11. Rfd1 O-O 12. e5 Ne8 13. exd6 Nxd6 14. Bxd6 exd6 15. Bb5 Bxc3 16. bxc3 Qc7 17. Rd2 Ne5 18. Qe3 Rac8 19. Qxa7 Qxc3 20. Rad1 Qc5 21. Qa4 Ra8 22. Qb3 Rfd8 23. a4 Rac8 24. Qd5 Nc4 25. Bxc4 Qxc4 26. Qxb7 Qxa4 27. Rxd6 Qxd1+ 28. Rxd1 Rxd1+ 29. Kh2 Rcd8 30. Qb6 R1d2 31. Qa5 R8d5 32. Qa8+ Kg7 33. Qa1+ f6 34. Qa3 Re5 35. Qa7+ Kh6 36. Qb6 f5 37. Qb4 Red5 38. Qf8+ Kg5 39. Qg7 h6 40. f4+ Kxf4 41. Qxh6+ Ke4 42. Qxg6 Ke3 43. Qg3+ Ke4 44. h4 R2d4 45. h5 f4 46. Qh3 Re5 47. Qf3+ 1/2-1/2